| 000 | 01477cam a2200397 i 4500 | ||
|---|---|---|---|
| 999 |
_c478391 _d478391 |
||
| 001 | 18991180 | ||
| 003 | NUST | ||
| 005 | 20180528041708.0 | ||
| 008 | 160226s2015 gw b 001 0 eng | ||
| 010 | _a 2016009771 | ||
| 020 | _a9783110379495 (alk. paper) | ||
| 020 | _a311037949X (alk. paper) | ||
| 020 | _z9783110379501 (e-ISBN (PDF)) | ||
| 020 | _z9783110379648 (e-ISBN (EPUB)) | ||
| 038 | _aSNS Library | ||
| 040 |
_aDLC _beng _erda _cDLC _dDLC |
||
| 042 | _apcc | ||
| 050 | 0 | 0 |
_aQA433 _b.I27 2015 |
| 082 | 0 | 0 |
_a515.63 _223 |
| 100 | 1 |
_aIbragimov, N. Kh. _q(Nailʹ Khaĭrullovich) _910535 |
|
| 245 | 1 | 0 |
_aTensors and Riemannian geometry : _bwith applications to differential equations / _cNail H. Ibragimov. |
| 264 | 1 |
_aBerlin ; _aBoston : _bDe Gruyter ; _a[Beijing] : _bHigher Education Press, _c[2015] |
|
| 300 |
_ax, 187 pages ; _c24 cm. |
||
| 336 |
_atext _2rdacontent |
||
| 337 |
_aunmediated _2rdamedia |
||
| 338 |
_avolume _2rdacarrier |
||
| 490 | 0 | _aDe Gruyter graduate | |
| 504 | _aIncludes bibliographical references (pages 178-183) and index. | ||
| 650 | 0 |
_aCalculus of tensors _vTextbooks. _910536 |
|
| 650 | 0 |
_aGeometry, Riemannian _vTextbooks. _910537 |
|
| 650 | 0 |
_aDifferential equations, Partial _vTextbooks. _910479 |
|
| 650 | 0 |
_aGeneralized spaces _vTextbooks. _910538 |
|
| 906 |
_a7 _bcbc _corignew _d1 _eecip _f20 _gy-gencatlg |
||
| 942 |
_2ddc _cBK |
||